Les chansons de Dadju - Mort subite - Statistiques

Statistiques générales
  • Ce quiz a été pris 1 832 fois
  • Le résultat moyen est 6 sur 12
Answers on the Grid
Answers color-coded by a green-red scale on the quiz's grid according to % correct below.
I love you
Bob Marley
Oublie-le
Compliqué
Ma vie
Jaloux
Reine
TPB
Grand bain
SOLD OUT !
Apprends-moi !
Amour toxic
Dis-le moi !
Roi
Room 69
Divina
Salomé
Elvis Presley
Jalouse
TBP
Oublie moi
SOLD IN !
 
Statistiques - réponses
Réponse % Correct
Reine
66%
Bob Marley
65%
Jaloux
64%
Compliqué
59%
Grand bain
58%
Ma vie
55%
Amour toxic
54%
I love you
49%
Oublie-le
48%
TPB
28%
SOLD OUT !
26%
Apprends-moi !
23%
Aucun quiz correspondant
Distribution des résultats
% des personnes avec chaque résultat
Percentile par nombre de réponses
Votre historique - résultats
Vous n’avez pas pris ce quiz